000 00835nam a2200253 i 4500
001 18220
003 ES-MaACL
005 20230906151802.0
007 t|
008 010903s2001 fr ||||1| fre d
020 _a2-02-032660-4
080 _a1(38)"-07/04"
100 1 _aGadamer, Hans Georg.
_953182
245 1 0 _aAu commencement de la philosophie
_b: pour une lecture des présocratiques /
_cHans-Georg Gadamer ; traduction de l'allemand par Pierre Fruchon ; revue par Dominique Séglard.
260 _aParis :
_bSeuil,
_c[2001]
300 _a156 p. ;
_c26 cm.
490 1 _aTreces écrites
650 4 _aPresocráticos.
_916385
700 1 _aFruchon, Pierre.
_952760
700 1 _aSéglard, Dominique.
_9105134
830 0 _aTreces écrites
_9228782
852 _aES-MaACL
_jL-24913
_bR.130177
999 _c18220
_d18220